| 000 | nam a22 a 4500 | ||
|---|---|---|---|
| 999 |
_c59534 _d59534 |
||
| 003 | BLK | ||
| 005 | 20230420100011.0 | ||
| 008 | 180408b bul|||||r ||||||| ||bul|| | ||
| 010 | _aKNG00063641000 | ||
| 040 | _aBLK | ||
| 041 |
_aBUL _cBUL |
||
| 080 |
_aОраторско изкуство. Красноречие. Дебати. Публични дискусии. Психология на слушателя _b808.51 _x(37) _z808.51(37) |
||
| 100 | 1 |
_aЦицерон, Марк Тулий _eпърви автор _9140122 |
|
| 139 |
_aЦицерон, Марк Тулий _bЦ 72 |
||
| 245 | 1 | 0 |
_aЗа оратора _cМарк Тулий Цицерон; предг. от Исак Соломон Паси; встъп. студия от Богдан Богданов; прев. от лат. Петя Стоянова. |
| 257 | _aDRR | ||
| 260 |
_aСофия _bУнив. изд. Св. Климент Охридски _c1992 |
||
| 300 |
_a412 с. _c20 см |
||
| 380 | _a82 | ||
| 490 |
_aКласическо наследство _v5 _9202570 |
||
| 500 | _aПрев. е направен от Opera Rhetorica / M. Tulii Ciceronis. - Именен показалец. Кн. е изд. с конкурс на Нац. център на книгата | ||
| 650 | 4 |
_aОраторско изкуство _9241886 |
|
| 653 | _aораторско изкуство | ||
| 700 | 1 |
_aПаси, Исак Соломон _eпредг. от _9363338 |
|
| 700 | 1 |
_aБогданов, Богдан _eвстъп. студия от _9365783 |
|
| 700 | 1 |
_aСтоянова, Петя _eпрев. от лат. _9366116 |
|
| 852 |
_aЦб 173382 _bЦб |
||
| 856 | 4 |
_qpdf _i0.00 _ldisable |
|
| 856 | 4 |
_qpdf _i0.00 _ldisable |
|
| 942 |
_cKNG _n0 _s1 |
||
| 944 |
_aCR _c13.06.2004 _kВаля_Йорданова |
||
| 944 |
_aED _c02.06.2009 |
||
| 999 | _d59534 | ||
| 999 | _d59534 | ||
| 999 | _d59534 | ||